A differential relation between the energy and electric charge of a dyon; Physics Letters B; Vol. 815

ग्रंथसूची विवरण
Parent link:Physics Letters B
Vol. 815.— 2021.— [136662, 7 p.]
मुख्य लेखक: Loginov A. Yu. Aleksey Yurievich
निगमित लेखक: Национальный исследовательский Томский политехнический университет Инженерная школа неразрушающего контроля и безопасности Испытательный центр Лаборатория радиационных испытаний материалов и изделий
सारांश:Title screen
The differential relation between the energy and electric charge of a dyon is derived. The relation expresses the derivative of the energy with respect to the electric charge in terms of the boundary value for the temporal component of the dyon's electromagnetic potential. The use of the Hamiltonian formalism and transition to the unitary gauge make it possible to show that this derivative is proportional to the phase frequency of the electrically charged massive gauge fields forming the dyon's core. It follows from the differential relation that the energy and electric charge of the non-BPS dyon cannot be arbitrarily large. Finally, the dyon's properties are investigated numerically at different values of the model parameters.
भाषा:अंग्रेज़ी
प्रकाशित: 2021
विषय:
ऑनलाइन पहुंच:https://doi.org/10.1016/j.physletb.2021.136662
स्वरूप: MixedMaterials इलेक्ट्रोनिक पुस्तक अध्याय
KOHA link:https://koha.lib.tpu.ru/cgi-bin/koha/opac-detail.pl?biblionumber=666420

MARC

LEADER 00000naa0a2200000 4500
001 666420
005 20250215164620.0
035 |a (RuTPU)RU\TPU\network\37624 
035 |a RU\TPU\network\35897 
090 |a 666420 
100 |a 20211223d2021 k||y0rusy50 ba 
101 0 |a eng 
135 |a arcn ---uucaa 
181 0 |a i  
182 0 |a b 
200 1 |a A differential relation between the energy and electric charge of a dyon  |f A. Yu. Loginov 
203 |a Text  |c electronic 
300 |a Title screen 
320 |a [References: 38 tit.] 
330 |a The differential relation between the energy and electric charge of a dyon is derived. The relation expresses the derivative of the energy with respect to the electric charge in terms of the boundary value for the temporal component of the dyon's electromagnetic potential. The use of the Hamiltonian formalism and transition to the unitary gauge make it possible to show that this derivative is proportional to the phase frequency of the electrically charged massive gauge fields forming the dyon's core. It follows from the differential relation that the energy and electric charge of the non-BPS dyon cannot be arbitrarily large. Finally, the dyon's properties are investigated numerically at different values of the model parameters. 
461 |t Physics Letters B 
463 |t Vol. 815  |v [136662, 7 p.]  |d 2021 
610 1 |a электронный ресурс 
610 1 |a труды учёных ТПУ 
610 1 |a magnetic monopole 
610 1 |a dyon 
610 1 |a electric charge 
610 1 |a magnetic charge 
610 1 |a noether charge 
610 1 |a электрические заряды 
610 1 |a дифференциальные связи 
610 1 |a энергия 
610 1 |a магнитные заряды 
610 1 |a дион 
700 1 |a Loginov  |b A. Yu.  |c Physicist  |c Researcher of Tomsk Polytechnic University, Candidate of physical and mathematical sciences  |f 1972-  |g Aleksey Yurievich  |3 (RuTPU)RU\TPU\pers\35186  |9 18452 
712 0 2 |a Национальный исследовательский Томский политехнический университет  |b Инженерная школа неразрушающего контроля и безопасности  |b Испытательный центр  |b Лаборатория радиационных испытаний материалов и изделий  |3 (RuTPU)RU\TPU\col\24977  |9 28468 
801 2 |a RU  |b 63413507  |c 20211223  |g RCR 
856 4 |u https://doi.org/10.1016/j.physletb.2021.136662 
942 |c CF